Datum a čas kvízu
28
Celkem bodů
Celkový počet nahraných bodů na tomto kvízu bez doplňovacích otázek.
15.
Pořadí na kvízu
Konečné umístění týmu na tomto kvízu.
Zaznamenané odpovědi
| # | Otázka | Odpověď | Body | Výsledky |
|---|---|---|---|---|
| 1. | Ve středu jsme si prostřednict... | B) beze spěchu | 1 | |
| 2. | Mezi Botswanou a jedním evrops... | o Německu | 1 | |
| 3. | V úterý začal vysílat v Česku... | Warner TV | 1 | |
| 4. | Od 1. 4. 2024 se mění podmínky... | A | 0 | |
| 5. | Ve středu odstartoval ve Spoje... | bronzové medaile | 0 | |
| 6. | Zobrazený anglický lékař roku... | William Harvey | 0 | |
| 7. | Kterým slovem na M se označuje... | menarche/menarché | 1 | |
| 8. | Vyberte pravdivé tvrzení: | D | 0 | |
| 9. | Za půl bodu napište, jak se na... | Alexej; hemofilie | 0 | |
| 10. | Uveďte rodové jméno zvířete, p... | makak (makak rhesus) | 0 |